000 00378nam a2200145Ia 4500
008 230711s9999||||xx |||||||||||||| ||und||
041 _aENG
082 _a153.94
_bAG-Q
100 _aAggarwal,R.S
245 0 _aQuantitative Aptitude : For Competitive Examinations
250 _a1st Ed.
260 _c2017
_aNew Delhi
_bS.Chand & Company Ltd
650 _aLiterature
942 _cBK
999 _c6537
_d6537